000 00672nam a22001931i 4500
001 5081
090 _a5081
100 _a20170304u u u0frey50 ba
101 0 _apor
200 1 _fD. J. Allan
_aA filosofia de Aristóteles
215 _a199, [1] p.
_d21 cm
702 1 _aAmado
_bRui Gonçalo
_4730
700 1 _aAllan
_bD. J.
_4070
210 _cPresença
_aLisboa
_d1970
225 2 _aBiblioteca de textos universitários
_v59
410 0 _tBiblioteca de textos universitários
996 _f0005521
_kALL
_m00000000
_n00000000
_aBMVA
_b1
_vAguiar
_xFilosofia
_y24
_eLivro
_10
_31
996 _f0027872
_kALL
_m00000000
_n00000000
_aBMVAAL
_b3
_vAlcáçovas
_xFilosofia
_y24
_eLivro
_10
_31
990 _cLIVROS